<?xml version="1.0" encoding="UTF-8"?>
<collection xmlns="http://www.loc.gov/MARC21/slim">
 <record>
  <leader>01518nam a2200325   4500</leader>
  <controlfield tag="001">DLU200194193</controlfield>
  <controlfield tag="005">##20200102</controlfield>
  <datafield tag="020" ind1="#" ind2="#">
   <subfield code="a">9786046994398</subfield>
  </datafield>
  <datafield tag="040" ind1="#" ind2="#">
   <subfield code="a">DLU</subfield>
   <subfield code="b">vie</subfield>
  </datafield>
  <datafield tag="041" ind1="#" ind2="#">
   <subfield code="a">vie</subfield>
  </datafield>
  <datafield tag="044" ind1="#" ind2="#">
   <subfield code="a">vn</subfield>
  </datafield>
  <datafield tag="082" ind1="#" ind2="#">
   <subfield code="a">181.112</subfield>
   <subfield code="b">TR-K</subfield>
  </datafield>
  <datafield tag="100" ind1="#" ind2="#">
   <subfield code="a">Trần Trọng Kim.</subfield>
  </datafield>
  <datafield tag="245" ind1="#" ind2="#">
   <subfield code="a">Nho giáo /</subfield>
   <subfield code="c">Trần Trọng Kim.</subfield>
  </datafield>
  <datafield tag="260" ind1="#" ind2="#">
   <subfield code="a">H. :</subfield>
   <subfield code="b">Văn học,</subfield>
   <subfield code="c">2017.</subfield>
  </datafield>
  <datafield tag="300" ind1="#" ind2="#">
   <subfield code="a">743 tr. ;</subfield>
   <subfield code="c">24 cm.</subfield>
  </datafield>
  <datafield tag="505" ind1="#" ind2="#">
   <subfield code="a">Quyển hạ. Thiên I. Nho giáo đời Lưỡng Hán -- Thiên II. Danh Nho đời Lưỡng Hán -- Thiên III. Nho giáo đời Tam Quốc và Lục triều -- Thiên IV. Nho giáo đời Tùy và đời Đường -- Thiên V. Nho giáo đời Tống -- Thiên VI. Lý học -- Thiên VII. Nho giáo đời Nguyên -- Thiên VIII. Nho giáo đời Minh -- Thiên IX. Nho giáo đời Thanh -- Thiên X. Nho giáo ở Việt Nam.</subfield>
  </datafield>
  <datafield tag="505" ind1="#" ind2="#">
   <subfield code="a">Quyển thượng. Thiên I. Thượng cổ thời đại -- Thiên II. Xuân Thu thời đại -- Thiên III. Học thuyết của Khổng Tử -- Thiên IV. Những sách của Khổng Tử -- Thiên V. Môn đệ Khổng Tử -- Thiên VI. Chiến quốc thời đại -- Thiên VII. Mạnh Tử -- Thiên VIII. Tuân Tử -- Thiên IX. Cuối đời Chiến quốc và đời nhà Tần</subfield>
  </datafield>
  <datafield tag="650" ind1="#" ind2="#">
   <subfield code="a">Nho giáo.</subfield>
  </datafield>
  <datafield tag="923" ind1="#" ind2="#">
   <subfield code="a">07/2019</subfield>
  </datafield>
  <datafield tag="991" ind1="#" ind2="#">
   <subfield code="a">SH</subfield>
  </datafield>
  <datafield tag="992" ind1="#" ind2="#">
   <subfield code="a">190000</subfield>
  </datafield>
  <datafield tag="994" ind1="#" ind2="#">
   <subfield code="a">DLU</subfield>
  </datafield>
  <datafield tag="900" ind1="#" ind2="#">
   <subfield code="a">True</subfield>
  </datafield>
  <datafield tag="911" ind1="#" ind2="#">
   <subfield code="a">Nguyễn Thanh Hương</subfield>
  </datafield>
  <datafield tag="925" ind1="#" ind2="#">
   <subfield code="a">G</subfield>
  </datafield>
  <datafield tag="926" ind1="#" ind2="#">
   <subfield code="a">A</subfield>
  </datafield>
  <datafield tag="927" ind1="#" ind2="#">
   <subfield code="a">SH</subfield>
  </datafield>
  <datafield tag="980" ind1="#" ind2="#">
   <subfield code="a">Thư viện Trường Đại học Đà Lạt</subfield>
  </datafield>
 </record>
</collection>
